[Event "6. Hradec Kralove Open 2015"]
[Site "Hradec Kralove CZE"]
[Date "2015.10.05"]
[Round "2.9"]
[White "Romanov, Sergey"]
[Black "Kocour, Zdenek"]
[Result "1-0"]
[WhiteElo "2036"]
[BlackElo "1834"]
[PlyCount "85"]
[EventDate "2015.10.04"]
[EventType "swiss"]
[EventRounds "9"]
[EventCountry "CZE"]
[Source "lmi"]
[SourceDate "2015.10.04"]

1. e4 Nf6 2. e5 Nd5 3. d4 d6 4. Nf3 Bg4 5. Be2 e6 6. O-O Be7 7. h3 Bxf3 8. Bxf3
c6 9. c4 Nb6 10. exd6 Bf6 11. c5 Nd5 12. Nc3 Nd7 13. Re1 O-O 14. Be4 Bg5 15.
Qh5 h6 16. Bxg5 Qxg5 17. Qxg5 hxg5 18. Bxd5 cxd5 19. b4 Rac8 20. Nb5 Ra8 21. a4
Rfd8 22. f3 Nf6 23. Kf2 Ne8 24. Rec1 a6 25. Nc3 Rd7 26. a5 g6 27. Na4 Ra7 28.
Re1 Ng7 29. g4 Rd8 30. Rac1 Ne8 31. Kg3 Kg7 32. Rh1 Nf6 33. h4 gxh4+ 34. Rxh4
Raa8 35. Rch1 Rab8 36. R4h2 Ra8 37. Rb1 Nd7 38. b5 Rab8 39. Rc2 Rh8 40. bxa6
bxa6 41. Rxb8 Nxb8 42. Nb6 Rd8 43. c6 1-0

[Event "6. Hradec Kralove Open 2015"]
[Site "Hradec Kralove CZE"]
[Date "2015.10.05"]
[Round "2.10"]
[White "Pribyl, Viktor"]
[Black "Liduch, Filip"]
[Result "1-0"]
[WhiteElo "1833"]
[BlackElo "2032"]
[PlyCount "105"]
[EventDate "2015.10.04"]
[EventType "swiss"]
[EventRounds "9"]
[EventCountry "CZE"]
[Source "lmi"]
[SourceDate "2015.10.04"]

1. d4 Nf6 2. Bf4 g6 3. e3 Bg7 4. Nf3 O-O 5. h3 d5 6. Be2 c5 7. c3 Nfd7 8. O-O
Nc6 9. Bg3 e5 10. Qd2 e4 11. Ne1 f5 12. Bd6 Rf7 13. dxc5 Nf6 14. Bb5 Bf8 15.
Bxf8 Qxf8 16. Bxc6 bxc6 17. Nc2 Qxc5 18. Nd4 Ba6 19. Rd1 Qd6 20. a4 Nd7 21. b4
Ne5 22. Na3 Nd3 23. b5 cxb5 24. axb5 Bb7 25. f4 Qf6 26. Kh2 g5 27. g3 Kh8 28.
Rg1 Rg7 29. Raf1 gxf4 30. gxf4 Rag8 31. Qd1 a6 32. Rxg7 Rxg7 33. Rg1 Rg6 34.
Qf1 axb5 35. Naxb5 Ba6 36. Rxg6 hxg6 37. Qg2 Bxb5 38. Nxb5 Ne1 39. Qa2 Nf3+ 40.
Kg2 Qc6 41. Qb2 Ne1+ 42. Kh2 Qb6 43. Qb4 Nf3+ 44. Kg2 Qd8 45. Nd4 Ne1+ 46. Kh2
Qa8 47. Qb2 Nd3 48. Qb1 Kh7 49. Ne6 Qa6 50. Ng5+ Kg7 51. Kg3 Nc5 52. Qb8 Ne6
53. Qe8 1-0

[Event "6. Hradec Kralove Open 2015"]
[Site "Hradec Kralove CZE"]
[Date "2015.10.05"]
[Round "2.11"]
[White "Gromczak, Dariusz"]
[Black "Tobiskova, Petra"]
[Result "1-0"]
[WhiteElo "2009"]
[BlackElo "1823"]
[PlyCount "71"]
[EventDate "2015.10.04"]
[EventType "swiss"]
[EventRounds "9"]
[EventCountry "CZE"]
[Source "lmi"]
[SourceDate "2015.10.04"]

1. e4 e6 2. b3 d5 3. Bb2 Nf6 4. e5 Nfd7 5. d4 c5 6. c3 Nc6 7. Bd3 g6 8. Nf3 Bg7
9. O-O a6 10. Re1 b5 11. a4 bxa4 12. Rxa4 a5 13. Bb5 Qc7 14. c4 Na7 15. Nc3
dxc4 16. Rxc4 O-O 17. Bxd7 Bxd7 18. Rxc5 Qb6 19. Ba3 Rfd8 20. Nd2 Qa6 21. Nc4
Nb5 22. Nxb5 Bxb5 23. Nd6 Bf8 24. Rc7 Rd7 25. Rxd7 Bxd7 26. Qf3 Bxd6 27. exd6
Rc8 28. d5 Qb6 29. Bb2 Qd8 30. Bf6 Qf8 31. Be5 f5 32. h4 Qh6 33. Bf4 Qxh4 34.
dxe6 Bxe6 35. Rxe6 Rc1+ 36. Bxc1 1-0

[Event "6. Hradec Kralove Open 2015"]
[Site "Hradec Kralove CZE"]
[Date "2015.10.05"]
[Round "2.12"]
[White "Splitek, Lubos"]
[Black "Saikrishnan, Sai"]
[Result "0-1"]
[WhiteElo "1800"]
[BlackElo "2005"]
[PlyCount "60"]
[EventDate "2015.10.04"]
[EventType "swiss"]
[EventRounds "9"]
[EventCountry "CZE"]
[Source "lmi"]
[SourceDate "2015.10.04"]

1. e4 c5 2. Nc3 a6 3. g3 b5 4. Bg2 Bb7 5. d3 e6 6. Nf3 d5 7. exd5 exd5 8. Qe2+
Be7 9. Bg5 h6 10. Bxe7 Nxe7 11. O-O O-O 12. d4 Re8 13. Rfe1 c4 14. Nh4 Nd7 15.
Rad1 b4 16. Nb1 Qa5 17. a3 bxa3 18. bxa3 Nf6 19. c3 Nf5 20. Qb2 Nxh4 21. Qxb7
Nxg2 22. Kxg2 Ne4 23. Qb4 Qc7 24. Qa4 Reb8 25. Qc2 Rb3 26. f3 Rab8 27. fxe4 Rb2
28. Qd2 dxe4 29. Re2 Rxd2 30. Nxd2 f5 0-1

[Event "6. Hradec Kralove Open 2015"]
[Site "Hradec Kralove CZE"]
[Date "2015.10.05"]
[Round "2.13"]
[White "Tsapanidis, Vasilis"]
[Black "Mikalsen, Erlend"]
[Result "0-1"]
[WhiteElo "1821"]
[BlackElo "2358"]
[PlyCount "100"]
[EventDate "2015.10.04"]
[EventType "swiss"]
[EventRounds "9"]
[EventCountry "CZE"]
[Source "lmi"]
[SourceDate "2015.10.04"]

1. Nf3 d5 2. d4 Nf6 3. c4 e6 4. Nc3 Be7 5. Bg5 h6 6. Bh4 O-O 7. e3 b6 8. cxd5
Nxd5 9. Bxe7 Qxe7 10. Nxd5 exd5 11. Rc1 Be6 12. Be2 c5 13. dxc5 bxc5 14. b3 Qb7
15. O-O Nd7 16. Rc3 Rfc8 17. Qc2 Rd8 18. Rc1 Qb4 19. Qd2 Qb6 20. h3 Nf6 21. Qe1
Rac8 22. Bd3 a5 23. Qe2 a4 24. Nd2 axb3 25. axb3 Nd7 26. Nf3 Rb8 27. Nd2 Qb4
28. R3c2 Rdc8 29. f4 Nf6 30. Ba6 Rc6 31. Bd3 Rcc8 32. Ba6 Rc7 33. Bd3 Ra8 34.
Qf1 Ra5 35. Ra1 Rca7 36. Rxa5 Rxa5 37. Kh1 Qb6 38. Qc1 g6 39. Qb2 Nh5 40. Kh2
c4 41. bxc4 Qxe3 42. cxd5 Qxf4+ 43. Kg1 Rxd5 44. Bf1 Qe3+ 45. Kh2 Qg3+ 46. Kh1
Rd8 47. Ne4 Qf4 48. Qb6 Qxf1+ 49. Kh2 Rd1 50. Nf6+ Nxf6 0-1

[Event "6. Hradec Kralove Open 2015"]
[Site "Hradec Kralove CZE"]
[Date "2015.10.05"]
[Round "2.14"]
[White "Vochozka, Jindrich"]
[Black "Kapusta, Petr"]
[Result "0-1"]
[WhiteElo "1778"]
[BlackElo "2098"]
[PlyCount "80"]
[EventDate "2015.10.04"]
[EventType "swiss"]
[EventRounds "9"]
[EventCountry "CZE"]
[Source "lmi"]
[SourceDate "2015.10.04"]

1. d4 Nf6 2. c4 g6 3. g3 Bg7 4. Bg2 O-O 5. e3 d6 6. Nc3 Nc6 7. Nge2 a6 8. O-O
Rb8 9. a3 Na5 10. b3 c5 11. d5 b5 12. cxb5 axb5 13. Rb1 b4 14. axb4 cxb4 15.
Ne4 Nxe4 16. Bxe4 Nb7 17. Nd4 Nc5 18. Nc6 Qc7 19. Bc2 Rb6 20. e4 Bh3 21. Re1 e6
22. Bb2 Bxb2 23. Rxb2 Ra8 24. Qf3 h5 25. Qf6 Rxc6 26. dxc6 Qxc6 27. Qd4 e5 28.
Qd5 Qa6 29. Rbb1 Ne6 30. Bd3 Qa7 31. Bf1 Ng5 32. Bg2 h4 33. Qd2 hxg3 34. hxg3
Qe7 35. Qxb4 Qf6 36. Re3 Kg7 37. Qc3 Ra2 38. Rb2 Ra1+ 39. Re1 Rxe1+ 40. Qxe1
Nf3+ 0-1

[Event "6. Hradec Kralove Open 2015"]
[Site "Hradec Kralove CZE"]
[Date "2015.10.05"]
[Round "2.15"]
[White "Vit, Jakub"]
[Black "Navratil-Sen., Jiri"]
[Result "1/2-1/2"]
[WhiteElo "1705"]
[BlackElo "2054"]
[PlyCount "38"]
[EventDate "2015.10.04"]
[EventType "swiss"]
[EventRounds "9"]
[EventCountry "CZE"]
[Source "lmi"]
[SourceDate "2015.10.04"]

1. c4 e6 2. e3 Nf6 3. Nc3 Be7 4. Nf3 O-O 5. d4 d5 6. Bd3 dxc4 7. Bxc4 c5 8. O-O
Nc6 9. Qe2 a6 10. Rd1 b5 11. d5 exd5 12. Nxd5 Bd6 13. Nxf6+ Qxf6 14. Bd5 Bb7
15. b3 Nd4 16. exd4 Bxd5 17. Ba3 Bxf3 18. Qxf3 Qxf3 19. gxf3 b4 1/2-1/2

[Event "6. Hradec Kralove Open 2015"]
[Site "Hradec Kralove CZE"]
[Date "2015.10.05"]
[Round "2.16"]
[White "Jiruse, Josef"]
[Black "Berger, Volkmar"]
[Result "1-0"]
[WhiteElo "2035"]
[BlackElo "1801"]
[PlyCount "75"]
[EventDate "2015.10.04"]
[EventType "swiss"]
[EventRounds "9"]
[EventCountry "CZE"]
[Source "lmi"]
[SourceDate "2015.10.04"]

1. e4 c5 2. d4 cxd4 3. c3 dxc3 4. Nxc3 d6 5. Bc4 Nf6 6. Nf3 Nc6 7. O-O e6 8.
Qe2 Be7 9. Rd1 Nd7 10. Bf4 e5 11. Bg3 O-O 12. Nb5 Nb6 13. Nxe5 Nxe5 14. Bxe5
Nxc4 15. Qxc4 Be6 16. Qe2 Qa5 17. Bxd6 Bxd6 18. Nxd6 Qb4 19. a3 Qb6 20. b4 Rfd8
21. e5 Rd7 22. Ne4 Rd4 23. Nc5 Bc4 24. Qf3 Rad8 25. Rxd4 Rxd4 26. Qxb7 Qd8 27.
h3 Bd5 28. Qxa7 h6 29. Nd7 Rc4 30. Qb8 Rc8 31. Qd6 Be6 32. Nc5 Qg5 33. Nxe6
Rc1+ 34. Rxc1 Qxc1+ 35. Kh2 fxe6 36. Qxe6+ Kh8 37. Qf7 Qxa3 38. e6 1-0

[Event "6. Hradec Kralove Open 2015"]
[Site "Hradec Kralove CZE"]
[Date "2015.10.05"]
[Round "2.17"]
[White "Faltynek, David"]
[Black "Portych, Vaclav"]
[Result "0-1"]
[WhiteElo "1366"]
[BlackElo "1868"]
[PlyCount "44"]
[EventDate "2015.10.04"]
[EventType "swiss"]
[EventRounds "9"]
[EventCountry "CZE"]
[Source "lmi"]
[SourceDate "2015.10.04"]

1. Nf3 Nf6 2. b3 b6 3. g3 Bb7 4. Bg2 g6 5. Bb2 Bg7 6. c4 O-O 7. Nc3 d6 8. O-O
Nbd7 9. Qc2 Re8 10. Ne1 c6 11. f4 Qc7 12. f5 Rac8 13. Rd1 d5 14. d3 b5 15. fxg6
fxg6 16. Nf3 Ng4 17. Bc1 Qb6+ 18. c5 Qxc5+ 19. d4 Bxd4+ 20. Nxd4 e5 21. Bh3
exd4 22. Bxg4 d3+ 0-1

[Event "6. Hradec Kralove Open 2015"]
[Site "Hradec Kralove CZE"]
[Date "2015.10.05"]
[Round "2.18"]
[White "Bartos, Jan"]
[Black "Vacek, Jaroslav"]
[Result "1-0"]
[WhiteElo "2250"]
[BlackElo "1655"]
[PlyCount "49"]
[EventDate "2015.10.04"]
[EventType "swiss"]
[EventRounds "9"]
[EventCountry "CZE"]
[Source "lmi"]
[SourceDate "2015.10.04"]

1. d4 Nf6 2. c4 g6 3. Nc3 Bg7 4. e4 d6 5. f3 c6 6. Be3 b6 7. Nge2 Na6 8. Qd2
Bb7 9. g4 h6 10. h4 Qc7 11. h5 g5 12. Ng3 Bc8 13. Be2 Nh7 14. Kf2 f6 15. a3 O-O
16. b4 Nb8 17. Kg2 a6 18. Rae1 e5 19. dxe5 dxe5 20. Na4 Rd8 21. Qa2 Nd7 22.
Nxb6 Bb7 23. c5+ Kh8 24. Qf7 Nhf8 25. Nf5 1-0

[Event "6. Hradec Kralove Open 2015"]
[Site "Hradec Kralove CZE"]
[Date "2015.10.05"]
[Round "2.19"]
[White "Nosek, Jan"]
[Black "Vetter, Udo"]
[Result "1-0"]
[WhiteElo "1792"]
[BlackElo "1592"]
[PlyCount "87"]
[EventDate "2015.10.04"]
[EventType "swiss"]
[EventRounds "9"]
[EventCountry "CZE"]
[Source "lmi"]
[SourceDate "2015.10.04"]

1. e4 c5 2. Nf3 Nc6 3. d4 cxd4 4. Nxd4 d6 5. c4 Nf6 6. Nc3 g6 7. Be2 Bg7 8. Be3
Bd7 9. O-O O-O 10. Qd2 a6 11. f3 Rc8 12. Rfd1 Ne5 13. b3 Re8 14. Rab1 Qc7 15.
a4 b6 16. Bf1 Qb7 17. Qf2 Rb8 18. Rdc1 Kf8 19. Nd5 Nxd5 20. cxd5 f6 21. Nc6
Nxc6 22. dxc6 Bxc6 23. Bxa6 Qxa6 24. Rxc6 Qd3 25. Rcc1 Kg8 26. Qd2 Qxd2 27.
Bxd2 Rec8 28. Rxc8+ Rxc8 29. Rc1 Rc5 30. Be3 Rxc1+ 31. Bxc1 f5 32. Be3 Bc3 33.
Bxb6 Kf7 34. a5 Bxa5 35. Bxa5 Ke8 36. Kf2 Kd7 37. Ke3 e5 38. Kd3 Kc6 39. Kc4 f4
40. b4 g5 41. b5+ Kb7 42. Kd5 h5 43. Kxd6 g4 44. Kxe5 1-0

[Event "6. Hradec Kralove Open 2015"]
[Site "Hradec Kralove CZE"]
[Date "2015.10.05"]
[Round "2.20"]
[White "Ruzicka, Vaclav"]
[Black "Berka, Lubos"]
[Result "0-1"]
[WhiteElo "1643"]
[BlackElo "1768"]
[PlyCount "78"]
[EventDate "2015.10.04"]
[EventType "swiss"]
[EventRounds "9"]
[EventCountry "CZE"]
[Source "lmi"]
[SourceDate "2015.10.04"]

1. c4 g6 2. Nc3 Bg7 3. g3 Nf6 4. Bg2 d6 5. e4 Nc6 6. Nge2 e5 7. O-O O-O 8. h3
Be6 9. d3 Qd7 10. Kh2 Nh5 11. f4 exf4 12. Nxf4 Nxf4 13. Bxf4 f5 14. Qd2 Ne5 15.
exf5 Bxf5 16. Bxe5 Bxe5 17. d4 Bg7 18. g4 Be6 19. d5 Bf7 20. Rae1 h6 21. Ne4
Be5+ 22. Kh1 Kg7 23. Rf3 Bg8 24. Ref1 Qe7 25. Rxf8 Rxf8 26. Rxf8 Qxf8 27. b4
Qf4 28. Qxf4 Bxf4 29. Kg1 c6 30. dxc6 bxc6 31. Bf1 d5 32. cxd5 cxd5 33. Nc5 Bd2
34. b5 Be3+ 35. Kg2 Bxc5 36. a4 d4 37. Kf3 Bd5+ 38. Kg3 Bb6 39. Kf4 Bc7# 0-1

[Event "6. Hradec Kralove Open 2015"]
[Site "Hradec Kralove CZE"]
[Date "2015.10.06"]
[Round "3.1"]
[White "Kuba, Stanislav"]
[Black "Urkedal, Frode"]
[Result "0-1"]
[WhiteElo "2148"]
[BlackElo "2504"]
[PlyCount "58"]
[EventDate "2015.10.04"]
[EventType "swiss"]
[EventRounds "9"]
[EventCountry "CZE"]
[Source "lmi"]
[SourceDate "2015.10.04"]

1. g3 d5 2. d4 Nf6 3. Bg2 e6 4. Nf3 c5 5. c3 Nc6 6. O-O Bd6 7. dxc5 Bxc5 8. b4
Be7 9. Nbd2 O-O 10. a3 Qc7 11. Bb2 e5 12. b5 Na5 13. c4 d4 14. Rc1 Bc5 15. Ng5
Bg4 16. Nde4 Nxe4 17. Nxe4 Rac8 18. Qd3 h6 19. f4 Bxe2 20. Nxc5 Bxd3 21. Nxd3
exf4 22. Rxf4 Nb3 23. Rc2 Rce8 24. Bd5 Re3 25. Nf2 d3 26. Rc3 Nc5 27. Kf1 Qe7
28. Bc1 Re1+ 29. Kg2 Qe2 0-1

[Event "6. Hradec Kralove Open 2015"]
[Site "Hradec Kralove CZE"]
[Date "2015.10.06"]
[Round "3.2"]
[White "Kraus, Tomas"]
[Black "Flasar, Jaroslav"]
[Result "1-0"]
[WhiteElo "2398"]
[BlackElo "2075"]
[PlyCount "75"]
[EventDate "2015.10.04"]
[EventType "swiss"]
[EventRounds "9"]
[EventCountry "CZE"]
[Source "lmi"]
[SourceDate "2015.10.04"]

1. d4 Nf6 2. Nf3 d5 3. c4 e6 4. Nc3 Nbd7 5. cxd5 exd5 6. Bf4 c6 7. Qc2 Be7 8.
e3 O-O 9. Bd3 h6 10. h3 b6 11. O-O Bb7 12. Rfd1 Rc8 13. Qe2 b5 14. Bh2 Nb6 15.
b3 b4 16. Nb1 Re8 17. Nbd2 Bd6 18. Bxd6 Qxd6 19. Ba6 Qe7 20. a3 Ne4 21. Rdc1
bxa3 22. Bxb7 Qxb7 23. Rxa3 c5 24. Rca1 Ra8 25. dxc5 Nxc5 26. Nd4 Ne4 27. Nxe4
dxe4 28. Ra5 g6 29. b4 Nc8 30. b5 Nd6 31. Ra6 Nc8 32. Qa2 Kh7 33. Qb3 Kg7 34.
Nc6 Nd6 35. R1a5 Rec8 36. Qb2+ Kg8 37. Rxa7 Rxa7 38. Rxa7 1-0

[Event "6. Hradec Kralove Open 2015"]
[Site "Hradec Kralove CZE"]
[Date "2015.10.06"]
[Round "3.3"]
[White "Romanov, Sergey"]
[Black "Pulpan, Jakub"]
[Result "0-1"]
[WhiteElo "2036"]
[BlackElo "2306"]
[PlyCount "136"]
[EventDate "2015.10.04"]
[EventType "swiss"]
[EventRounds "9"]
[EventCountry "CZE"]
[Source "lmi"]
[SourceDate "2015.10.04"]

1. e4 c5 2. Nf3 d6 3. d4 cxd4 4. Nxd4 Nf6 5. Nc3 a6 6. Be2 e5 7. Nb3 Be7 8. O-O
O-O 9. Re1 Be6 10. Bf3 Nbd7 11. a4 Rc8 12. a5 Qc7 13. Be3 Rfd8 14. Nd2 h6 15.
Nf1 Nc5 16. Ng3 Bf8 17. Re2 b5 18. axb6 Qxb6 19. Na4 Qb5 20. Bxc5 dxc5 21. Rd2
Rd4 22. Be2 Qb7 23. f3 Rcd8 24. Rxd4 Rxd4 25. Qc1 c4 26. h3 Nd7 27. Kh2 Be7 28.
Qe1 Nc5 29. Nxc5 Bxc5 30. b3 g6 31. Qf1 cxb3 32. Bxa6 Qd7 33. Bb5 Qe7 34. cxb3
Bxb3 35. Rc1 Rd2 36. Bc4 Bxc4 37. Qxc4 Be3 38. Nf1 Rxg2+ 39. Kxg2 Qg5+ 40. Ng3
Bxc1 41. h4 Qd2+ 42. Qe2 Qd8 43. h5 Bf4 44. hxg6 fxg6 45. Nf1 Kg7 46. Qa6 h5
47. Qb7+ Kh6 48. Qf7 Qg5+ 49. Kf2 Qh4+ 50. Kg2 Qg5+ 51. Kf2 Qd8 52. Kg2 Kg5 53.
Qe6 Qf6 54. Qc8 Qe7 55. Qb8 Qd7 56. Qb6 Qd3 57. Qf2 Qd4 58. Qa2 Qd1 59. Qb2 Kh4
60. Qf2+ Kg5 61. Qb2 h4 62. Qf2 Kh5 63. Kh3 Qd7+ 64. Kg2 Qd1 65. Kh3 g5 66. Qg2
Qd7+ 67. Qg4+ Qxg4+ 68. fxg4+ Kg6 0-1

[Event "6. Hradec Kralove Open 2015"]
[Site "Hradec Kralove CZE"]
[Date "2015.10.06"]
[Round "3.4"]
[White "Kozusek, Daniel"]
[Black "Gromczak, Dariusz"]
[Result "1/2-1/2"]
[WhiteElo "2279"]
[BlackElo "2009"]
[PlyCount "65"]
[EventDate "2015.10.04"]
[EventType "swiss"]
[EventRounds "9"]
[EventCountry "CZE"]
[Source "lmi"]
[SourceDate "2015.10.04"]

1. e4 c5 2. Nf3 e6 3. d4 cxd4 4. Nxd4 Nc6 5. Nc3 Qc7 6. Be3 a6 7. Qf3 Nf6 8.
O-O-O Be7 9. Be2 d6 10. Qg3 O-O 11. h4 Nxd4 12. Bxd4 b5 13. e5 Ne8 14. Ne4 d5
15. Ng5 f6 16. Nh3 fxe5 17. Bxe5 Bd6 18. f4 Bxe5 19. fxe5 Rf5 20. Bd3 Qxe5 21.
Qxe5 Rxe5 22. Ng5 Nf6 23. Nf3 Re3 24. Kd2 Ng4 25. Rhe1 Rxe1 26. Rxe1 h6 27. Kc3
Bd7 28. Kd4 Kf8 29. Kc5 Ke7 30. Nd4 Rc8+ 31. Kb6 Kd6 32. Kxa6 e5 33. Nxb5+
1/2-1/2

[Event "6. Hradec Kralove Open 2015"]
[Site "Hradec Kralove CZE"]
[Date "2015.10.06"]
[Round "3.5"]
[White "Burnett, Andrew"]
[Black "Pribyl, Viktor"]
[Result "1-0"]
[WhiteElo "2228"]
[BlackElo "1833"]
[PlyCount "41"]
[EventDate "2015.10.04"]
[EventType "swiss"]
[EventRounds "9"]
[EventCountry "CZE"]
[Source "lmi"]
[SourceDate "2015.10.04"]

1. d4 Nf6 2. c4 g6 3. Nc3 d5 4. Nf3 Bg7 5. h4 O-O 6. h5 c5 7. hxg6 hxg6 8. Bg5
Ne4 9. Bh6 Bxh6 10. Rxh6 Kg7 11. Rh4 Nxc3 12. bxc3 dxc4 13. dxc5 Qxd1+ 14. Rxd1
Na6 15. c6 bxc6 16. e4 f6 17. Bxc4 g5 18. Rh1 Nc5 19. Nd4 Nxe4 20. Be6 Nxc3 21.
Nf5+ 1-0

[Event "6. Hradec Kralove Open 2015"]
[Site "Hradec Kralove CZE"]
[Date "2015.10.06"]
[Round "3.6"]
[White "Saikrishnan, Sai"]
[Black "Golcman, Evgeny"]
[Result "0-1"]
[WhiteElo "2005"]
[BlackElo "2164"]
[PlyCount "54"]
[EventDate "2015.10.04"]
[EventType "swiss"]
[EventRounds "9"]
[EventCountry "CZE"]
[Source "lmi"]
[SourceDate "2015.10.04"]

1. d4 c5 2. d5 Nf6 3. c4 g6 4. Nc3 Bg7 5. e4 d6 6. Nf3 O-O 7. h3 e6 8. Bd3 exd5
9. cxd5 Na6 10. O-O Nc7 11. Re1 Rb8 12. a4 b6 13. Bf1 a6 14. e5 Nfe8 15. Bf4
Bb7 16. exd6 Nxd6 17. Ne5 Nf5 18. Nc4 Ba8 19. g4 Nd4 20. Bd6 Nxd5 21. Bg2 Nb4
22. Bxf8 Bxf8 23. Bxa8 Rxa8 24. Ne3 Nd3 25. Rf1 Nf4 26. Ne4 Qh4 27. Ng3 Qxh3
0-1

[Event "6. Hradec Kralove Open 2015"]
[Site "Hradec Kralove CZE"]
[Date "2015.10.06"]
[Round "3.7"]
[White "Mikalsen, Erlend"]
[Black "Ludvik, Tomas"]
[Result "1-0"]
[WhiteElo "2358"]
[BlackElo "1944"]
[PlyCount "85"]
[EventDate "2015.10.04"]
[EventType "swiss"]
[EventRounds "9"]
[EventCountry "CZE"]
[Source "lmi"]
[SourceDate "2015.10.04"]

1. e4 e6 2. d4 d5 3. Nc3 Bb4 4. e5 c5 5. a3 Bxc3+ 6. bxc3 Ne7 7. Qg4 cxd4 8.
cxd4 Qc7 9. Ra2 Nf5 10. Bd3 Qc3+ 11. Kf1 h5 12. Qg5 Qxd4 13. Nf3 Qg4 14. Qd2
Nh4 15. Nxh4 Qxh4 16. h3 Nc6 17. g3 Qe7 18. Bb2 Bd7 19. Kg2 O-O-O 20. a4 f6 21.
exf6 gxf6 22. Ba3 Qf7 23. Rb1 Kb8 24. Rab2 Bc8 25. Ba6 e5 26. Qc3 Qd7 27. Bxb7
Bxb7 28. a5 d4 29. Rxb7+ Qxb7 30. Rxb7+ Kxb7 31. a6+ Kc7 32. Qb3 Rb8 33. Qf7+
Kb6 34. Bd6 Rhc8 35. Bxb8 Rxb8 36. Qxf6 Rc8 37. g4 hxg4 38. hxg4 Kxa6 39. g5
Kb6 40. g6 e4 41. g7 d3 42. cxd3 exd3 43. Qc3 1-0

[Event "6. Hradec Kralove Open 2015"]
[Site "Hradec Kralove CZE"]
[Date "2015.10.06"]
[Round "3.8"]
[White "Pulpan, Matej"]
[Black "Skorna, Ullrich"]
[Result "1/2-1/2"]
[WhiteElo "1936"]
[BlackElo "2123"]
[PlyCount "67"]
[EventDate "2015.10.04"]
[EventType "swiss"]
[EventRounds "9"]
[EventCountry "CZE"]
[Source "lmi"]
[SourceDate "2015.10.04"]

1. e4 e6 2. d4 d5 3. e5 c5 4. c3 Nc6 5. Nf3 Nh6 6. a3 cxd4 7. cxd4 f6 8. b4 Nf7
9. Bb2 f5 10. Bd3 Be7 11. O-O O-O 12. Nbd2 Bd7 13. Rc1 Kh8 14. Nb3 g5 15. Nc5
Rb8 16. b5 Na5 17. Bc3 Nc4 18. Bxc4 dxc4 19. Bb4 b6 20. Nxd7 Qxd7 21. Bxe7 Qxe7
22. Rxc4 g4 23. Nd2 Qxa3 24. Ra4 Qe7 25. Qa1 Rb7 26. d5 Qc5 27. dxe6 Ng5 28.
Rxa7 Rxa7 29. Qxa7 Nxe6 30. Qd7 Qxe5 31. Nc4 Qe2 32. Nd6 f4 33. Nf7+ Kg8 34.
Nh6+ 1/2-1/2

[Event "6. Hradec Kralove Open 2015"]
[Site "Hradec Kralove CZE"]
[Date "2015.10.06"]
[Round "3.9"]
[White "Kapusta, Petr"]
[Black "Sernecki, Franciszek"]
[Result "1-0"]
[WhiteElo "2098"]
[BlackElo "1899"]
[PlyCount "97"]
[EventDate "2015.10.04"]
[EventType "swiss"]
[EventRounds "9"]
[EventCountry "CZE"]
[Source "lmi"]
[SourceDate "2015.10.04"]

1. e4 d6 2. d4 Nf6 3. Nc3 c6 4. f4 Qa5 5. Bd3 e5 6. Nf3 Nbd7 7. O-O Be7 8. Qe1
O-O 9. Nd5 Qd8 10. Nxe7+ Qxe7 11. fxe5 dxe5 12. Bg5 Re8 13. Nh4 exd4 14. Nf5
Qf8 15. Qh4 Re6 16. Rae1 Ne5 17. Nxg7 Qxg7 18. Bxf6 Qg4 19. Qxg4+ Nxg4 20. Bxd4
Ne5 21. Be2 Re8 22. Rf6 c5 23. Bc3 Nc6 24. Bd3 Ne5 25. Re3 Nxd3 26. cxd3 Re6
27. Ref3 Rxf6 28. Bxf6 Be6 29. Be7 h6 30. Bxc5 Bxa2 31. Rh3 b6 32. Bd4 Kh7 33.
Be3 Rd8 34. d4 Rd6 35. g4 Kg7 36. Rg3 Re6 37. e5 Rc6 38. Rg2 Bd5 39. Rf2 a5 40.
h3 a4 41. Bd2 Rc2 42. Bxh6+ Kxh6 43. Rxc2 b5 44. Rc5 Bc4 45. h4 Kg7 46. Kf2 Kf8
47. Rc7 Be6 48. Kg3 b4 49. Ra7 1-0

[Event "6. Hradec Kralove Open 2015"]
[Site "Hradec Kralove CZE"]
[Date "2015.10.06"]
[Round "3.10"]
[White "Portych, Vaclav"]
[Black "Jiruse, Josef"]
[Result "1/2-1/2"]
[WhiteElo "1868"]
[BlackElo "2035"]
[PlyCount "44"]
[EventDate "2015.10.04"]
[EventType "swiss"]
[EventRounds "9"]
[EventCountry "CZE"]
[Source "lmi"]
[SourceDate "2015.10.04"]

1. c4 Nf6 2. Nf3 c6 3. Nc3 d5 4. cxd5 Nxd5 5. g3 g6 6. Bg2 Bg7 7. O-O e5 8. e3
O-O 9. d4 exd4 10. Nxd5 cxd5 11. Nxd4 Nc6 12. b3 Nxd4 13. exd4 Qb6 14. Be3 Be6
15. Qd2 Rfe8 16. Rac1 Bf8 17. Qb2 Qa6 18. a4 b5 19. Ra1 Bd6 20. Qe2 Rab8 21.
axb5 Qxb5 22. Qxb5 Rxb5 1/2-1/2

[Event "6. Hradec Kralove Open 2015"]
[Site "Hradec Kralove CZE"]
[Date "2015.10.06"]
[Round "3.11"]
[White "Navratil-Sen., Jiri"]
[Black "Splitek, Lubos"]
[Result "1-0"]
[WhiteElo "2054"]
[BlackElo "1800"]
[PlyCount "53"]
[EventDate "2015.10.04"]
[EventType "swiss"]
[EventRounds "9"]
[EventCountry "CZE"]
[Source "lmi"]
[SourceDate "2015.10.04"]

1. d4 Nf6 2. Nf3 g6 3. h3 Bg7 4. c3 d6 5. Bf4 O-O 6. Nbd2 Nc6 7. e4 e5 8. dxe5
Nh5 9. Bg5 f6 10. exf6 Bxf6 11. Bh6 Re8 12. Bc4+ d5 13. Bb3 Kh8 14. Bc2 d4 15.
O-O dxc3 16. bxc3 Bxc3 17. Rb1 Rb8 18. Ba4 Bd7 19. Nc4 Rxe4 20. Qd3 Rxc4 21.
Qxc4 Bf6 22. Rfd1 Qe8 23. Qc1 Nd4 24. Bxd7 Ne2+ 25. Kf1 Nxc1 26. Bxe8 Nxa2 27.
Re1 1-0

[Event "6. Hradec Kralove Open 2015"]
[Site "Hradec Kralove CZE"]
[Date "2015.10.06"]
[Round "3.12"]
[White "Liduch, Filip"]
[Black "Nosek, Jan"]
[Result "1-0"]
[WhiteElo "2032"]
[BlackElo "1792"]
[PlyCount "91"]
[EventDate "2015.10.04"]
[EventType "swiss"]
[EventRounds "9"]
[EventCountry "CZE"]
[Source "lmi"]
[SourceDate "2015.10.04"]

1. e4 c5 2. Nf3 g6 3. d4 cxd4 4. Nxd4 Bg7 5. Nc3 Nc6 6. Be3 Nf6 7. Bc4 O-O 8.
Bb3 d6 9. h3 Bd7 10. O-O Rc8 11. Re1 a6 12. a4 Na5 13. f4 Nxb3 14. Nxb3 Rxc3
15. bxc3 Nxe4 16. Bd4 Nxc3 17. Qd2 Nxa4 18. Bxg7 Kxg7 19. Rxa4 Bxa4 20. Qd4+
Kg8 21. Qxa4 Qb6+ 22. Qd4 Qxd4+ 23. Nxd4 e6 24. Rb1 b5 25. Ra1 Rc8 26. Rxa6 e5
27. Nxb5 Rxc2 28. Rxd6 exf4 29. Rf6 Rc1+ 30. Kf2 g5 31. Nd6 Rc2+ 32. Kf3 Rc3+
33. Kf2 Rc2+ 34. Kg1 Rc7 35. Rf5 h6 36. Rf6 h5 37. Rf5 Rc1+ 38. Kh2 f6 39. Rxf6
Kg7 40. Ne8+ Kh7 41. Rb6 Rc2 42. Nf6+ Kg6 43. Nd5+ Kf5 44. Ne7+ Ke4 45. Rb4+
Kd3 46. h4 1-0

[Event "6. Hradec Kralove Open 2015"]
[Site "Hradec Kralove CZE"]
[Date "2015.10.06"]
[Round "3.13"]
[White "Tobiskova, Petra"]
[Black "Malinovsky, Petr"]
[Result "1-0"]
[WhiteElo "1823"]
[BlackElo "1971"]
[PlyCount "89"]
[EventDate "2015.10.04"]
[EventType "swiss"]
[EventRounds "9"]
[EventCountry "CZE"]
[Source "lmi"]
[SourceDate "2015.10.04"]

1. e4 c5 2. c4 e6 3. Nc3 Ne7 4. g3 d5 5. Bg2 d4 6. Nb5 e5 7. d3 a6 8. Na3 f6 9.
Ne2 Nbc6 10. Bd2 Be6 11. f4 Qd7 12. f5 Bf7 13. O-O Nc8 14. g4 Nd6 15. Ng3 b5
16. b3 Nb4 17. Qf3 a5 18. g5 bxc4 19. Nxc4 Nxc4 20. bxc4 Qa4 21. gxf6 gxf6 22.
Nh5 Ra6 23. a3 Qc2 24. Bxb4 cxb4 25. axb4 Bxb4 26. Rfb1 Qd2 27. Ra4 Rd6 28. c5
Bxc5 29. Nxf6+ Ke7 30. Ng4 Rb6 31. f6+ Ke8 32. Rxb6 Bxb6 33. Ra1 Qf4 34. Qxf4
exf4 35. Rb1 Bd8 36. e5 Bc7 37. Kf2 h5 38. Rb7 Kd8 39. Ra7 Re8 40. Nh6 Be6 41.
Bc6 Rf8 42. Ra8+ Bc8 43. Bb7 Kd7 44. Rxc8 Rxc8 45. Bxc8+ 1-0